[Event "Besancon op"]
[Site "Besancon"]
[Date "2004.12.28"]
[Round "3"]
[White "Lababidi, Ahmed"]
[Black "Perret, Hubert"]
[Result "1/2-1/2"]
[WhiteElo "1290"]
[BlackElo "1878"]
[PlyCount "142"]
[EventDate "2004.12.27"]
[EventType "swiss"]
[EventRounds "7"]
[EventCountry "FRA"]
[SourceTitle "EXT 2006"]
[Source "ChessBase"]
[SourceDate "2005.11.24"]
[SourceVersion "1"]
[SourceVersionDate "2005.11.24"]
[SourceQuality "1"]

1. e4 c5 2. Nf3 Nc6 3. c3 d5 4. exd5 Qxd5 5. d4 Nf6 6. Bb5 Bg4 7. Bxc6+ Qxc6 8. Nbd2 e6 9. 0-0 Bh5 10. Qc2 Bd6 11. Ne5 Qc7 12. Qa4+ Ke7 13. Ndf3 Nd5 14. g4 Bg6 15. Nc4 Bd3 16. Re1 Bf4 17. Nce5 Bg6 18. dxc5 Bxe5 19. Nxe5 f6 20. Nf3 Qxc5 21. Be3 Nxe3 22. Rxe3 e5 23. Rae1 Kf8 24. Qd7 Qc8 25. Nxe5 Be8 26. Qd6+ Kg8 27. Qd5+ Kf8 28. Nc4 Qxg4+ 29. Kf1 Bc6 30. Qd6+ Kg8 31. Qe6+ Qxe6 32. Rxe6 Bb5 33. R1e4 Rc8 34. b3 h6 35. Re7 Ba6 36. Ke1 Kh7 37. Rg4 Rhg8 38. Nd6 Rc5 39. Nxb7 Rxc3 40. Nd6 Rc1+ 41. Kd2 Rc5 42. Ne8 Rd5+ 43. Kc3 Rd3+ 44. Kc2 Rf3 45. Rg2 Bb5 46. Nc7 Bf1 47. Rg1 Rxf2+ 48. Kc1 Bg2 49. a4 Rc8 50. Kd1 Ra2 51. Rge1 Bf3+ 52. Kc1 Ra1+ 53. Kd2 Rd8+ 54. Kc3 Ra2 55. Ne6 Rc8+ 56. Kb4 Rb8+ 57. Ka5 Rxb3 58. Rxg7+ Kh8 59. Rc1 Rb8 60. Rcc7 Rg2 61. Rh7+ Kg8 62. Rxh6 Rg4 63. Rxf6 Bd1 64. Rf4 Rg6 65. Rf1 Bxa4 66. Kxa4 Rxe6 67. Rg1+ Kf8 68. Rxa7 Rh6 69. Rf1+ Ke8 70. Rg1 Kf8 71. Rf1+ Kg8 1/2-1/2